UBT Library

Geriatric rehabilitation manual / (Record no. 39953)

000 -LEADER
fixed length control field 00842cam a22002534a 4500
001 - CONTROL NUMBER
control field 1212832
005 - DATE AND TIME OF LATEST TRANSACTION
control field 20180109082444.0
008 - FIXED-LENGTH DATA ELEMENTS--GENERAL INFORMATION
fixed length control field 990122s1999 nyua bf 001 0 eng c
010 ## - LIBRARY OF CONGRESS CONTROL NUMBER
LC control number 99019075
020 ## - INTERNATIONAL STANDARD BOOK NUMBER
International Standard Book Number 0443076510
040 ## - CATALOGING SOURCE
Original cataloging agency DNLM/DLC
Transcribing agency DLC
Modifying agency DLC
041 ## - LANGUAGE CODE
Language code of text/sound track or separate title eng
042 ## - AUTHENTICATION CODE
Authentication code pcc
060 10 - NATIONAL LIBRARY OF MEDICINE CALL NUMBER
Classification number WT 166
Item number G3697 1999
080 ## - UNIVERSAL DECIMAL CLASSIFICATION NUMBER
Universal Decimal Classification number 618.97 KAU
082 00 - DEWEY DECIMAL CLASSIFICATION NUMBER
Classification number 618.97 KAU
Edition number 21
100 ## - Rafti
Rafti 8
101 ## - Shkurtesa
Shkurtesa EKZ
245 00 - TITLE STATEMENT
Title Geriatric rehabilitation manual /
Statement of responsibility, etc editor, Timothy L. Kauffman ; associate editors, Osa Jackson ... [et al.].
504 ## - BIBLIOGRAPHY, ETC. NOTE
Bibliography, etc Includes bibliographical references and index.
906 ## - LOCAL DATA ELEMENT F, LDF (RLIN)
a 7
b cbc
c orignew
d 1
e ocip
f 19
g y-gencatlg
942 ## - ADDED ENTRY ELEMENTS (KOHA)
Source of classification or shelving scheme
Item type Books
Holdings
Withdrawn status Lost status Source of classification or shelving scheme Damaged status Not for loan Permanent location Current location Date acquired Total Checkouts Full call number Barcode Date last seen Price effective from Koha item type
          UBT - Lipjan UBT - Lipjan 01/09/2018   618.97 KAU 002-2995088 01/09/2018 01/09/2018 Books
UBT Library © 2015-2024. All rights reserved University Education for Business and Technology